00656nam a2200157Ia 4500008004100000082001500041100004700056245014700103260003900250520001100289650002800300700003600328942001300364999001900377952010200396230907s9999||||xx |||||||||||||| ||und|| a621.3bBIL aBilal Asghar Farooqi (00000202977)9116467 0aUtilizing Machine Learning to Evaluate the Impact of Policy Shift for Scheduling Mechanism of IPPs to Mitigate Power and Economic Deficit / aUSPCAS-E, NUST,bIslamabad :c2019 aTH-168 aMS-EEP Thesis MS Thesis aDr Syed Ali Abbas Kazmi9117439 cTHE2ddc c601847d601847 00102ddc4070aCAS-EbCAS-Ed2019-10-17o621.3 BILpCAS-ETH0000168r2023-09-12w2023-09-12yTHE